000 00259nam a2200109 a 4500
008 090929s1962|||| d
100 1 _aAbašeli, A.
245 1 0 _aNeznáma v zrkadle
260 _bMladé letá
_aBrsatislava
_c1962
041 _aslo
044 _axo
_cSK
999 _c209
_d209